01858nam a2200337 a 450000100100000000500170001000800410002704000250006808200170009310000490011024501390015926000440029830000210034249000300036350000690039359000260046265000350048865000620052365000450058570000410063071000600067171000640073183000390079591000410083495201290087595201140100495201290111895201290124795201290137699900150150500000607620250401130908.0090826s1994 dr 001 0 spa d aDO-SdBNPbspacBNPHU a370.1bF438f1 aFiallo Billini, José Antinoed1944-91015910aFilosofía de la educación dominicana :bdiagnósticos y nuevos paradigmas /cJosé Antinoe Fiallo Billini, Alejandrina Germán. aSanto Domingo :bPNUD ;bSEEBAC,c1994. a179 p. ;c26 cm.1 aPolíticas educativasv3 aIncluye referencias bibliográficas al final de los capítulos aInventariado, 2018/LP 0aEducaciónxFilosofía93186 4aEducaciónxLegislaciónzRepública Dominicana917106 4aEducaciónzRepública Dominicana97371 aGermán de Sosa, Alejandrina9171072 aPrograma de las Naciones Unidas para el Desarrollo91872 aPlan Decenal de Educación (República Dominicana)917108 0aPolíticas educativas ;n3917109 aValidado. Control de calidad MMOLINA 001054708DSaGRbGRcHDd2011-02-04iLF1l0o370.1 F438fp6076-30r2020-06-25te. 3w2020-06-25yLFDSZPréstamo en sala 0010718PDaPDbPDcHDd2009-08-26iLF1l0o370.1 F438fp6076-10r2020-06-25w2020-06-25yLFPDZNo se presta 001053728PDaPDbPDcHDd2011-02-04iLF1l0o370.1 F438fp6076-20r2020-06-25te. 2w2020-06-25yLFPDZPréstamo interno 001054708DSaPDbPDcHDd2011-02-04iLF1l0o370.1 F438fp6076-40r2020-06-25te. 4w2020-06-25yLFDSZPréstamo en sala 001054708DSaPDbPDcHDd2011-02-04iLF1l0o370.1 F438fp6076-50r2020-06-25te. 5w2020-06-25yLFDSZPréstamo en sala c5872d5872